000 00687nam a2200253Ia 4500
003 OSt
005 20220918185440.0
006 a|||||r|||| 00| 0
007 ta
008 220917b |||||||| |||| 00| 0 eng d
024 _a51,012
037 _cTextual
040 _aARTS
_cARTS
_beng
041 _2eng
_aeng
082 _aP111:2, L5
100 _aAlexander L G
_968974
245 0 _aEnglish grammatical structure
_b a general syllabus for teachers
260 _aLondon
_bLongman
_c1975
300 _ax,245p.
_ccm.
500 _aAppendix 220-32p (A-H)
650 _aLINGUISTICS
942 _hP111:2, L5
_cTEXL
_2CC
999 _c180607
_d180607